MARC details
| 000 -LEADER |
| fixed length control field |
03095nam a2200445Ii 4500 |
| 001 - CONTROL NUMBER |
| control field |
9781787565319 |
| 003 - CONTROL NUMBER IDENTIFIER |
| control field |
UtOrBLW |
| 005 - DATE AND TIME OF LATEST TRANSACTION |
| control field |
20210303084924.0 |
| 006 - FIXED-LENGTH DATA ELEMENTS--ADDITIONAL MATERIAL CHARACTERISTICS |
| fixed length control field |
m o d |
| 007 - PHYSICAL DESCRIPTION FIXED FIELD--GENERAL INFORMATION |
| fixed length control field |
cr un||||||||| |
| 008 - FIXED-LENGTH DATA ELEMENTS--GENERAL INFORMATION |
| fixed length control field |
180815s2018 enk ob 001 0 eng d |
| 020 ## - INTERNATIONAL STANDARD BOOK NUMBER |
| International Standard Book Number |
9781787565319 (e-book) |
| 040 ## - CATALOGING SOURCE |
| Original cataloging agency |
UtOrBLW |
| Language of cataloging |
eng |
| Description conventions |
rda |
| Transcribing agency |
UtOrBLW |
| 050 #4 - LIBRARY OF CONGRESS CALL NUMBER |
| Classification number |
HT1523 |
| Item number |
.B53 2018 |
| 072 #7 - SUBJECT CATEGORY CODE |
| Subject category code |
JFSL1 |
| Source |
bicssc |
| 072 #7 - SUBJECT CATEGORY CODE |
| Subject category code |
SOC056000 |
| Source |
bisacsh |
| 080 ## - UNIVERSAL DECIMAL CLASSIFICATION NUMBER |
| Universal Decimal Classification number |
316.7 |
| 082 04 - DEWEY DECIMAL CLASSIFICATION NUMBER |
| Classification number |
305.8 |
| Edition number |
23 |
| 100 1# - MAIN ENTRY--PERSONAL NAME |
| Personal name |
Joseph-Salisbury, Remi, |
| Relator term |
author. |
| 245 10 - TITLE STATEMENT |
| Title |
Black mixed-race men : |
| Remainder of title |
transatlanticity, hybridity and 'post-racial' resilience / |
| Statement of responsibility, etc. |
by Remi Joseph-Salisbury. |
| 264 #1 - PRODUCTION, PUBLICATION, DISTRIBUTION, MANUFACTURE, AND COPYRIGHT NOTICE |
| Name of producer, publisher, distributor, manufacturer |
Emerald Publishing Limited, |
| 300 ## - PHYSICAL DESCRIPTION |
| Extent |
1 online resource (vii, 226 pages). |
| 490 0# - SERIES STATEMENT |
| Series statement |
Critical Mixed Race Studies |
| 500 ## - GENERAL NOTE |
| General note |
Includes index. |
| 504 ## - BIBLIOGRAPHY, ETC. NOTE |
| Bibliography, etc. note |
Includes bibliographical references. |
| 520 ## - SUMMARY, ETC. |
| Summary, etc. |
Whilst scholarship has increasingly moved to consider mixedness and the experiences of mixed-race people, there has been a notable lack of attention to the specific experiences of mixed-race men. This is despite growing recognition of the particular ways race and gender intersect. By centring the accounts of Black mixed-race men in the United Kingdom and United States, this book offers a timely intervention that extends the theoretical terrain of race and ethnicity scholarship and of studies of gender and masculinities. As it treads new and important ground, this book draws upon theories of performativity and hybridity in order to understand how Black mixed-race men constitute and reconstitute complex and multiplicitous identities. Post-racial conditions mean that Black mixed-race men engage in such processes in a context where the significance of race and racism is rendered invisible and denied. By introducing the theoretical concept of post-racial resilience, this study strives to capture and celebrate the contemporary, creative and innovative ways in which Black mixed-race men refuse the fragmentation and erasure of their identities. As it does so, the author offers a corrective to popular representations that have too readily pathologized Black mixed-race men. Focusing on the everyday through a discussion of Black mixed-race mens racial symbolism, experiences of racial microaggressions, and interactions with peers, "Black Mixed-Race Men: Transatlanticity, Hybridity and Post-Racial Resilience" offers an in-depth insight into a previously neglected area of scholarship. |
| 588 0# - SOURCE OF DESCRIPTION NOTE |
| Source of description note |
Print version record |
| 650 #0 - SUBJECT ADDED ENTRY--TOPICAL TERM |
| Topical term or geographic name entry element |
Blacks |
| General subdivision |
Race identity. |
| 650 #0 - SUBJECT ADDED ENTRY--TOPICAL TERM |
| Topical term or geographic name entry element |
Racially mixed people |
| General subdivision |
Race identity. |
| 650 #0 - SUBJECT ADDED ENTRY--TOPICAL TERM |
| Topical term or geographic name entry element |
Ethnicity. |
| 650 #0 - SUBJECT ADDED ENTRY--TOPICAL TERM |
| Topical term or geographic name entry element |
Self-acceptance. |
| 650 #7 - SUBJECT ADDED ENTRY--TOPICAL TERM |
| Topical term or geographic name entry element |
Social Science / Black Studies (Global). |
| Source of heading or term |
bisacsh |
| 650 #7 - SUBJECT ADDED ENTRY--TOPICAL TERM |
| Topical term or geographic name entry element |
Ethnic minorities & multicultural studies. |
| Source of heading or term |
bicssc |
| 776 ## - ADDITIONAL PHYSICAL FORM ENTRY |
| International Standard Book Number |
9781787565326 |
| 856 40 - ELECTRONIC LOCATION AND ACCESS |
| Uniform Resource Identifier |
<a href="https://www.emerald.com/insight/publication/doi/10.1108/9781787565319">https://www.emerald.com/insight/publication/doi/10.1108/9781787565319</a> |